[Event "SVK-ch U16 Girls"]
[Site "Lubovna"]
[Date "2013.04.12"]
[Round "6"]
[White "Meszarosova, Eva"]
[Black "Barnova, Viktoria"]
[Result "1-0"]
[WhiteElo "1742"]
[BlackElo "1000"]
[PlyCount "59"]
[EventDate "2013.04.06"]
[EventType "tourn"]
[EventRounds "7"]
[EventCountry "SVK"]
[SourceTitle "CBM 153 Extra"]
[Source "ChessBase"]
[SourceDate "2013.04.22"]
[SourceVersion "1"]
[SourceVersionDate "2013.04.22"]
[SourceQuality "1"]

1. e4 e5 2. Nf3 Nc6 3. Bc4 Be7 4. d3 d6 5. h3 a6 6. c3 b5 7. Bd5 Bd7 8. Be3 Nf6 9. Bb3 Na5 10. Bc2 0-0 11. Nbd2 Nc6 12. d4 exd4 13. cxd4 Nb4 14. Bb1 h6 15. a3 Nc6 16. Qc2 Re8 17. e5 dxe5 18. dxe5 Nxe5 19. Nxe5 Bd6 20. Nxd7 Qxd7 21. 0-0 Rab8 22. Nf3 h5 23. Ng5 g6 24. Ba2 Re7 25. Qxg6+ Kf8 26. Qxf6 Be5 27. Qh6+ Ke8 28. Nh7 Qd8 29. Rad1 Bd6 30. Nf6# 1-0

[Event "SVK-ch U16 Girls"]
[Site "Lubovna"]
[Date "2013.04.08"]
[Round "3"]
[White "Poliakova, Emma"]
[Black "Barnova, Viktoria"]
[Result "1-0"]
[WhiteElo "1342"]
[BlackElo "1000"]
[PlyCount "91"]
[EventDate "2013.04.06"]
[EventType "tourn"]
[EventRounds "7"]
[EventCountry "SVK"]
[SourceTitle "CBM 153 Extra"]
[Source "ChessBase"]
[SourceDate "2013.04.22"]
[SourceVersion "1"]
[SourceVersionDate "2013.04.22"]
[SourceQuality "1"]

1. e4 e5 2. Nf3 Nc6 3. Bb5 d6 4. c3 Bd7 5. d4 a6 6. Ba4 exd4 7. cxd4 Nf6 8. Nc3 Be7 9. 0-0 0-0 10. Re1 b5 11. Bc2 Nb4 12. a3 Nxc2 13. Qxc2 c5 14. e5 dxe5 15. dxe5 Ne8 16. Bf4 h6 17. Rad1 Rc8 18. Qd3 Bg4 19. Qe3 Qb6 20. Nd5 Qb7 21. Qe4 Qa7 22. Be3 Bxf3 23. Qxf3 f6 24. e6 Bd6 25. Qg4 f5 26. Qh4 Qb8 27. Bf4 Bxf4 28. Qxf4 Qxf4 29. Nxf4 b4 30. Ng6 bxa3 31. bxa3 c4 32. Nxf8 Kxf8 33. e7+ Kf7 34. Rc1 Nd6 35. Re2 g5 36. Kf1 c3 37. f3 g4 38. Rec2 gxf3 39. gxf3 Kxe7 40. Rxc3 Rxc3 41. Rxc3 Kd7 42. a4 Nb7 43. Kf2 Kd6 44. Kg3 Nc5 45. Rc4 Kd5 46. Rh4 1-0

[Event "SVK-ch U16 Girls"]
[Site "Lubovna"]
[Date "2013.04.06"]
[Round "1"]
[White "Liscinska, Jana"]
[Black "Barnova, Viktoria"]
[Result "1-0"]
[WhiteElo "1597"]
[BlackElo "1000"]
[PlyCount "75"]
[EventDate "2013.04.06"]
[EventType "tourn"]
[EventRounds "7"]
[EventCountry "SVK"]
[SourceTitle "CBM 153 Extra"]
[Source "ChessBase"]
[SourceDate "2013.04.22"]
[SourceVersion "1"]
[SourceVersionDate "2013.04.22"]
[SourceQuality "1"]

1. e4 e5 2. Nf3 Nc6 3. Bb5 d6 4. 0-0 Bd7 5. c3 a6 6. Ba4 Nf6 7. Re1 Bg4 8. h3 Bh5 9. d3 Be7 10. Nbd2 0-0 11. Nf1 b5 12. Bc2 b4 13. Ng3 Bg6 14. Nh4 bxc3 15. bxc3 Rb8 16. Nxg6 fxg6 17. Ba4 Na5 18. d4 exd4 19. cxd4 c5 20. Bd2 cxd4 21. Bxa5 Qxa5 22. Bb3+ Kh8 23. Qxd4 Nd7 24. Qa7 Nc5 25. Qxe7 Nxb3 26. axb3 Qb6 27. Ra2 Qxb3 28. Rxa6 Qc2 29. Rf1 Kg8 30. Ra7 Qb2 31. Qxd6 Rbd8 32. Qe6+ Kh8 33. Qe7 Kg8 34. e5 Qxe5 35. Qxe5 Rf7 36. Qe6 h5 37. Qxf7+ Kh8 38. Qxg7# 1-0